000 00868nam a2200241Ia 4500
003 GCL
008 140319s9999 xx 000 0 ara d
020 _a068320977
040 _aGCL /
_cGCL
082 0 4 _a611.4
_bم غ
100 1 _aمحمد شعراوى
245 1 0 _aالغدد الصماء والهورمونات :
_bامراضها واعراضها وعلاجها /
_cمحمد شعراوى
260 _aالقاهرة :
_bمركز الاهرام للترجمة والنشر ،
_c2001
300 _a149ص ؛
_c20 سم
490 _aاعرف صحتك
_v26
650 0 4 _aالغدد الصماء - فسيولوجيا
650 0 4 _aالغدة النخامية
650 0 4 _aالغدد الصماء
650 0 4 _aالغدة الدرقية
650 0 4 _aالغدد الصماء، علم
650 0 4 _aالغدد الصماء - امراض
942 _2ddc
_cBK
999 _c58330
_d58330